LDR 00498nam a2200169 i 4500 001 000000077310 003 CaOOAMICUS 005 20260331155842.0 008 011025s1975 it u000 u mul u 040 $aSeMil$bita 245 10$a2: M-Z. 300 $aP. 762-1596 773 0 $tInglese-Italiano.$g[Tomo 2.]$w()1415 850 $aSeMil 852 $aSeMil$W1$xVenegono$y1$m1P VI 24/4$j269466$B43462$CSeMilBibl$Z2$F44956 $81 996 $6245$a2: M-Z$9(OLS)http://semarc/title/425435